00616nam a22002057a 4500001001000000003000900010005001700019007000300036008004100039040002600080082001500106245006200121260002900183300002000212590002800232910000700260942001400267952011200281999001700393000031106DO-SdBNP20220211105944.0ta110613s1931 dr c 000 0 spa d aDO-SdBNPbspacBNPPHU axxxxbR42600aDominican Republic, report of the special emergency agent a[s.l.] :b[s.n.],c1931. a66 p. ;c24 cm. aInventariado, 2022 / DG aDG 2ddccLBS1 00102ddc51708PD-RVaBNPHUbBNPHUcCTd2022-02-11l0oxxxx R426p2022-0759r2022-02-11w2022-02-11yLBS1 c51417d51417